000 00459nam a2200169Ia 4500
003 OSt
005 20260303104645.0
008 211028s2003 xx 000 0 und d
040 _cAIMIT LIBRARY
041 _aeng
100 _aRodrigues, Rashmi Marina;Manimozhi, R.
_g92173
_92237
110 _aManimozhi, R.
_92238
245 _aTime table scheduling system /
260 _aMangalore
_c2003
710 _aDavlin Software Pvt Ltd
_92239
942 _2ddc
_cPRO
999 _c216830
_d216830